Normal view
MARC view
Entry Topical Term
001 - CONTROL NUMBER
- control field: 67768
003 - CONTROL NUMBER IDENTIFIER
- control field: OSt
005 - DATE AND TIME OF LATEST TRANSACTION
- control field: 20170623125256.0
008 - FIXED-LENGTH DATA ELEMENTS
- fixed length control field: 170623|| aca||aabn | a|a d
040 ## - CATALOGING SOURCE
- Original cataloging agency: OSt
- Transcribing agency: OSt
150 ## - HEADING--TOPICAL TERM
- Topical term or geographic name entry element: Hisstory
670 ## - SOURCE DATA FOUND
- Source citation: Work cat.: (OSt): Chakrabarti kaustav 67157, A Brief History of Europe In The Nineteenth And The Twentieth Centuries (1830-1939), 2014









